Uma Musume Characters by Picture #3 - Statistics

General Stats
  • This quiz has been taken 245 times
  • The average score is 13 of 16
Answer Stats
Picture Answer % Correct
Manhattan Cafe
97%
Daitaku Helios
95%
Hishi Amazon
94%
Gold City
92%
Kitasan Black
92%
Seiun Sky
92%
Meisho Doto
88%
Tamamo Cross
88%
Narita Brian
85%
Fuji Kiseki
80%
Kawakami Princess
76%
Eishin Flash
75%
Narita Taishin
75%
Tosen Jordan
74%
Hishi Akebono
73%
Mejiro Dober
73%
No matching quizzes found
Score Distribution
Percent of People with Each Score
Percentile by Number Answered
Your Score History
You have not taken this quiz